[Event "37th POL-ch"]
[Site "Lodz POL"]
[Date "1980.??.??"]
[Round "5"]
[White "Tomaszewski, Roman"]
[Black "Maciejewski, Andrzej"]
[Result "1/2-1/2"]
[WhiteElo "2365"]
[BlackElo "2370"]
[EventDate "1980.02.10"]

1.d4 Nf6 2.c4 g6 3.Nc3 Bg7 4.Nf3 O-O 5.g3 c6 6.Bg2 d5 7.cxd5 cxd5 8.O-O 
Nc6 9.Ne5 Nxe5 10.dxe5 Ng4 11.Nxd5 Nxe5 12.Bg5 Nc6 13.Rc1 h6 14.Rxc6 hxg5 
15.Rc7 Bf6 16.Nxf6+ exf6 17.Qxd8 Rxd8 18.Bxb7 Bxb7 19.Rxb7 Rdb8 20.Rxb8+ 
Rxb8 21.Rb1 a5 22.b3 Rc8 23.Rb2 g4 24.f3 gxf3 25.exf3 g5 26.Kf2 Rc3 27.h4 
Kg7 28.a4 Kg6 29.b4 axb4 30.Rxb4 Ra3 31.hxg5 fxg5 32.g4 f5 33.gxf5+ Kxf5 
34.Kg3 Ra1 35.Rb5+ Kf6 36.a5 Rg1+ 37.Kf2 Ra1 38.Kg3 Rg1+ 39.Kh2 Ra1 40.Kg2
Ra2+ 41.Kh3 Ra3 42.Kg3 1/2-1/2

[Event "37th POL-ch"]
[Site "Lodz POL"]
[Date "1980.??.??"]
[Round "5"]
[White "Sydor, Andrzej"]
[Black "Ksieski, Zbigniew"]
[Result "1/2-1/2"]
[WhiteElo "2405"]
[BlackElo "2345"]
[EventDate "1980.02.10"]

1.d4 Nf6 2.Nf3 c5 3.e3 g6 4.dxc5 Bg7 5.Nbd2 Qa5 6.c4 Qxc5 7.b3 Nd5 8.Ne4 
Nc3 9.Nxc5 Nxd1 10.Nd4 Nc6 11.Kxd1 Nxd4 12.Bb2 Nf5 13.Bxg7 Nxg7 14.Be2 d6 
15.Nd3 Bd7 16.Nb4 e6 17.Bf3 a5 18.Nc2 Bc6 19.Ke2 Ke7 20.Rad1 Rhd8 21.Nd4 
Rac8 1/2-1/2

[Event "37th POL-ch"]
[Site "Lodz POL"]
[Date "1980.??.??"]
[Round "5"]
[White "Schmidt, Wlodzimierz"]
[Black "Filipowicz, Andrzej"]
[Result "1-0"]
[WhiteElo "2430"]
[BlackElo "2390"]
[EventDate "1980.02.10"]

1.d4 Nf6 2.c4 c5 3.d5 e6 4.Nc3 exd5 5.cxd5 d6 6.e4 g6 7.Nf3 Bg7 8.Be2 O-O 
9.O-O Re8 10.Nd2 Na6 11.f3 Nc7 12.a4 b6 13.Kh1 Rb8 14.Nc4 Ba6 15.Bg5 h6 
16.Be3 Bxc4 17.Bxc4 a6 18.Qd3 b5 19.axb5 axb5 20.Nxb5 Nxb5 21.Bxb5 Re7 22.
Bd2 Reb7 23.Ra5 Nh5 24.b3 Nf4 25.Qc4 g5 26.g3 Ng6 27.Qe2 Re7 28.f4 g4 29.
Bc4 Qe8 30.e5 h5 31.e6 f5 32.Ra6 Rd8 33.Ba5 Rb7 34.Bb5 Rxb5 35.Bxd8 Rb4 
36.Rxd6 Re4 37.Qa6 Bf8 38.Qc6 1-0

[Event "37th POL-ch"]
[Site "Lodz POL"]
[Date "1980.??.??"]
[Round "5"]
[White "Schinzel, Wladyslaw"]
[Black "Skrobek, Ryszard"]
[Result "1/2-1/2"]
[WhiteElo "2385"]
[BlackElo "2350"]
[EventDate "1980.02.10"]

1.Nf3 d5 2.d4 Bg4 3.c4 Bxf3 4.gxf3 c6 5.e3 e6 6.Nc3 Nf6 7.Qb3 Qb6 8.c5 Qc7
9.f4 Nbd7 10.Bg2 g6 11.Bd2 Bg7 12.O-O O-O 13.Qc2 1/2-1/2

[Event "37th POL-ch"]
[Site "Lodz POL"]
[Date "1980.??.??"]
[Round "5"]
[White "Kuligowski, Adam"]
[Black "Adamski, Jan"]
[Result "1/2-1/2"]
[WhiteElo "2405"]
[BlackElo "2410"]
[EventDate "1980.02.10"]

1.d4 Nf6 2.Nf3 e6 3.g3 b6 4.Bg2 Bb7 5.c4 Bb4+ 6.Bd2 Be7 7.Nc3 O-O 8.O-O d5
9.Ne5 c6 10.Bf4 Nfd7 11.Nxd7 Qxd7 12.Qd3 Ba6 13.b3 b5 14.cxb5 cxb5 15.Qd2 
Nc6 16.Rfd1 f5 17.h4 Bf6 18.e3 h6 19.h5 Be7 20.Bf1 Nb8 21.Rdc1 b4 22.Ne2 
Nc6 23.Rc2 Rfc8 24.Nc1 Bxf1 25.Kxf1 Nd8 26.Nd3 Rxc2 27.Qxc2 Rc8 28.Qe2 Qb5
29.Rc1 Rxc1+ 30.Nxc1 Qxe2+ 31.Kxe2 Nc6 32.Nd3 Kf7 1/2-1/2

[Event "37th POL-ch"]
[Site "Lodz POL"]
[Date "1980.??.??"]
[Round "5"]
[White "Kruszynski, Wlodzimierz"]
[Black "Pokojowczyk, Jerzy"]
[Result "1/2-1/2"]
[WhiteElo "2350"]
[BlackElo "2380"]
[EventDate "1980.02.10"]

1.e4 e5 2.Nf3 Nc6 3.Bb5 a6 4.Ba4 Nf6 5.O-O Nxe4 6.d4 b5 7.Bb3 Be7 8.dxe5 
Nc5 9.Bd5 Bb7 10.Nc3 O-O 11.Re1 Kh8 12.Be3 Ne6 13.Ne4 Na5 14.Bxb7 Nxb7 15.
Qd5 c6 16.Qd3 d5 17.exd6 Nxd6 18.Rad1 Nc4 19.Qc3 Qc7 20.Bc1 Rad8 21.Nfg5 
Nxg5 22.Bxg5 Bxg5 23.Nxg5 h6 24.Rxd8 Rxd8 25.Nf3 c5 1/2-1/2

[Event "37th POL-ch"]
[Site "Lodz POL"]
[Date "1980.??.??"]
[Round "5"]
[White "Bielczyk, Jacek"]
[Black "Sznapik, Aleksander"]
[Result "1/2-1/2"]
[WhiteElo "2380"]
[BlackElo "2460"]
[EventDate "1980.02.10"]

1.e4 c5 2.Nf3 e6 3.d4 cxd4 4.Nxd4 Nf6 5.Nc3 d6 6.g3 Nc6 7.Bg2 Bd7 8.Be3 
Be7 9.O-O O-O 10.a4 a6 1/2-1/2

[Event "37th POL-ch"]
[Site "Lodz POL"]
[Date "1980.??.??"]
[Round "5"]
[White "Adamski, Andrzej"]
[Black "Pytel, Krzysztof"]
[Result "1/2-1/2"]
[WhiteElo "2350"]
[BlackElo "2450"]
[EventDate "1980.02.10"]

1.e4 c5 2.c3 e6 3.d4 d5 4.exd5 exd5 5.Nf3 Nc6 6.Be3 cxd4 7.Nxd4 Bd6 8.Be2 
Nge7 9.O-O O-O 10.Na3 Nxd4 11.Bxd4 Nc6 12.Be3 1/2-1/2

[Event "37th POL-ch"]
[Site "Lodz POL"]
[Date "1980.??.??"]
[Round "6"]
[White "Skrobek, Ryszard"]
[Black "Bielczyk, Jacek"]
[Result "1/2-1/2"]
[WhiteElo "2350"]
[BlackElo "2380"]
[EventDate "1980.02.10"]

1.e4 d5 2.exd5 Nf6 3.d4 Nxd5 4.Nf3 Bg4 5.Be2 e6 6.c4 Nb6 7.Nc3 Nc6 8.Be3 
Bxf3 9.Bxf3 Nxc4 10.Qa4 Nb6 11.Bxc6+ bxc6 12.Qxc6+ Qd7 13.Qxd7+ Kxd7 14.
O-O-O Nd5 15.Nxd5 exd5 16.Bf4 Bd6 17.Bxd6 Kxd6 18.Rhe1 Rhe8 19.Rxe8 Rxe8 
20.Kd2 Re4 1/2-1/2

[Event "37th POL-ch"]
[Site "Lodz POL"]
[Date "1980.??.??"]
[Round "6"]
[White "Przewoznik, Jan"]
[Black "Tomaszewski, Roman"]
[Result "1/2-1/2"]
[WhiteElo "2340"]
[BlackElo "2365"]
[EventDate "1980.02.10"]

1.d4 Nf6 2.Nc3 d5 3.Bg5 Nbd7 4.f3 c5 5.dxc5 Qa5 6.Bxf6 Nxf6 7.Qd4 e5 8.
Qxe5+ Be6 9.e3 Bxc5 10.Bb5+ Kf8 11.Ne2 a6 12.Bd3 Re8 13.O-O Bd7 14.Qg3 
Bxe3+ 15.Kh1 g6 16.f4 Kg7 17.f5 Qb6 18.Nf4 Bxf4 19.Qxf4 Qe3 20.Qxe3 Rxe3 
21.fxg6 Re5 22.gxf7 Rf8 23.Rf4 Rxf7 24.Raf1 Be8 25.h3 h6 26.Ne2 Nh5 27.
Rxf7+ Bxf7 28.g4 Rxe2 29.Bxe2 Ng3+ 30.Kg2 Nxe2 31.c3 d4 32.Kf3 d3 33.Ke3 
Bg6 34.c4 h5 35.gxh5 Ng3 36.Rg1 Nxh5 37.b4 Kf6 38.c5 Ng7 39.a4 Ne6 40.
Rxg6+ Kxg6 41.Kxd3 Kf6 42.Kc4 Ke7 43.h4 Nf4 44.b5 Kd7 45.Kd4 axb5 46.axb5 
Ke6 1/2-1/2

[Event "37th POL-ch"]
[Site "Lodz POL"]
[Date "1980.??.??"]
[Round "6"]
[White "Maciejewski, Andrzej"]
[Black "Schinzel, Wladyslaw"]
[Result "1-0"]
[WhiteElo "2370"]
[BlackElo "2385"]
[EventDate "1980.02.10"]

1.e4 e5 2.Nf3 Nc6 3.d4 exd4 4.Bc4 g6 5.c3 d3 6.O-O Bg7 7.Qb3 Qe7 8.Bg5 Bf6
9.Bxf6 Nxf6 10.Nbd2 Na5 11.Qa4 Nxc4 12.Qxc4 d6 13.Rfe1 O-O 14.Qxd3 Nd7 15.
Nd4 b6 16.Qg3 Kh8 17.Nc6 Qf6 18.e5 dxe5 19.Nxe5 Nxe5 20.Rxe5 Bf5 21.Rae1 
Rad8 22.Nf1 Be6 23.a3 Rd6 24.h4 Rfd8 25.h5 Rg8 26.Qe3 gxh5 27.Rxh5 Bd5 28.
Ng3 Re6 29.Qd2 c6 30.Rf5 Qg7 31.Rxe6 fxe6 32.Rh5 b5 33.Qe3 a5 34.a4 bxa4 
35.Qf4 Rf8 36.Qxa4 Qa7 37.Qc2 Bc4 38.Rh4 Ba6 39.c4 Qg7 40.Qe4 c5 41.Qxe6 
Bb7 42.Qd6 Rc8 43.Rh5 Rc6 44.Qd8+ Qg8 45.Qe7 Qg7 46.Qe8+ Qg8 47.Qe3 Qf8 
48.Rf5 Qd8 49.Rd5 Qf8 50.Rf5 Qd8 51.Rxc5 Rg6 52.Re5 Bc6 53.Qc3 Kg8 54.Qxa5
Qd1+ 55.Re1 Qd7 56.Qe5 1-0

[Event "37th POL-ch"]
[Site "Lodz POL"]
[Date "1980.??.??"]
[Round "6"]
[White "Ksieski, Zbigniew"]
[Black "Adamski, Andrzej"]
[Result "1-0"]
[WhiteElo "2345"]
[BlackElo "2350"]
[EventDate "1980.02.10"]

1.d4 g6 2.c4 d6 3.Nc3 Nd7 4.e4 e5 5.Nf3 Bg7 6.Be2 Ne7 7.dxe5 dxe5 8.O-O 
O-O 9.Re1 Nc5 10.Bg5 Bd7 11.Bf1 Ne6 12.Be3 c5 13.Nd5 Nd4 14.Bg5 f6 15.Bh4 
Nec6 16.Nxd4 Nxd4 17.b4 b6 18.bxc5 bxc5 19.Qd2 h5 20.f3 Kh7 21.Rab1 Bc6 
22.Bf2 Rc8 23.Be3 f5 24.Bg5 Qd7 25.Ne7 fxe4 26.Nxc6 Rxc6 27.Rxe4 Rxf3 28.
Qe1 Qf5 29.Qh4 Rf4 30.Rxf4 exf4 31.Rb7 f3 32.Be3 fxg2 33.Bxg2 Ne2+ 34.Kh1 
Rd6 1-0

[Event "37th POL-ch"]
[Site "Lodz POL"]
[Date "1980.??.??"]
[Round "6"]
[White "Jasnikowski, Zbigniew"]
[Black "Pytel, Krzysztof"]
[Result "1/2-1/2"]
[WhiteElo "2325"]
[BlackElo "2450"]
[EventDate "1980.02.10"]

1.e4 e5 2.Nf3 Nc6 3.Bb5 a6 4.Bxc6 dxc6 5.O-O Bd6 6.d4 exd4 7.Qxd4 f6 8.
Nbd2 Be6 9.b3 Ne7 10.Nc4 Bb4 11.Qe3 Bxc4 12.bxc4 b6 13.Ba3 Bxa3 14.Qxa3 c5
15.Rad1 Qc8 16.Qa4+ c6 17.Rd6 O-O 18.Rfd1 Ra7 19.Qb3 Rb7 20.Qd3 Ng6 21.Rd8
Rxd8 22.Qxd8+ Qxd8 23.Rxd8+ Kf7 24.Kf1 Ke7 25.Ra8 a5 26.g3 Kd6 27.Ke2 Re7 
28.Kd3 Kc7 29.Ra7+ Kd6 30.Ra6 Kc7 31.Ra7+ Kd6 32.Rxe7 Nxe7 33.Nd2 Nc8 34.
f4 Ke6 35.Nf3 b5 36.g4 1/2-1/2

[Event "37th POL-ch"]
[Site "Lodz POL"]
[Date "1980.??.??"]
[Round "6"]
[White "Filipowicz, Andrzej"]
[Black "Kuligowski, Adam"]
[Result "1/2-1/2"]
[WhiteElo "2390"]
[BlackElo "2405"]
[EventDate "1980.02.10"]

1.g3 e5 2.Bg2 d5 3.c4 d4 4.d3 c5 5.Nf3 Nc6 6.O-O Bd6 7.e3 Nge7 8.exd4 exd4
9.Nbd2 f5 10.Re1 O-O 11.a3 a5 12.Ng5 Rf6 13.f4 h6 14.Ngf3 a4 15.b3 axb3 
16.Nxb3 Qc7 17.Ra2 Re6 18.Rae2 Rxe2 19.Qxe2 b6 20.Nh4 1/2-1/2

[Event "37th POL-ch"]
[Site "Lodz POL"]
[Date "1980.??.??"]
[Round "6"]
[White "Adamski, Jan"]
[Black "Sydor, Andrzej"]
[Result "1/2-1/2"]
[WhiteElo "2410"]
[BlackElo "2405"]
[EventDate "1980.02.10"]

1.c4 e6 2.g3 d5 3.Bg2 dxc4 4.Qa4+ Nd7 5.Qxc4 c5 6.Qb3 Ne7 7.Nc3 Nf5 8.Nf3 
b6 9.Ne5 Nd4 10.Qa4 Rb8 11.Nc6 1/2-1/2

[Event "37th POL-ch"]
[Site "Lodz POL"]
[Date "1980.??.??"]
[Round "7"]
[White "Tomaszewski, Roman"]
[Black "Jasnikowski, Zbigniew"]
[Result "1-0"]
[WhiteElo "2365"]
[BlackElo "2325"]
[EventDate "1980.02.10"]

1.c4 g6 2.Nc3 Bg7 3.g3 c5 4.Bg2 Nc6 5.a3 f5 6.Rb1 a5 7.e3 e5 8.Nb5 d6 9.d4
Nf6 10.dxc5 dxc5 11.Bxc6+ bxc6 12.Nd6+ Ke7 13.Nxc8+ Rxc8 14.Bd2 Ne4 15.Nf3
Nxd2 16.Nxd2 Rb8 17.O-O Qd3 18.Qa4 Rhd8 19.Rfd1 e4 20.Nf1 Qb3 21.Qxa5 Rxd1
22.Rxd1 Qxd1 23.Qc7+ Ke6 24.Qxb8 Qe2 25.Qg8+ Kf6 26.b4 h5 27.h4 Qb2 28.
Qd8+ Ke6 29.Qc8+ Kd6 30.Qe8 Bc3 31.Qxg6+ Ke5 32.g4 hxg4 33.Ng3 cxb4 34.
Qxf5+ Kd6 35.Nxe4+ Kc7 36.axb4 Qb1+ 37.Kg2 Bxb4 38.Qxg4 Be1 39.Qe6 Qd1 40.
c5 Qe2 1-0

[Event "37th POL-ch"]
[Site "Lodz POL"]
[Date "1980.??.??"]
[Round "7"]
[White "Sydor, Andrzej"]
[Black "Filipowicz, Andrzej"]
[Result "1-0"]
[WhiteElo "2405"]
[BlackElo "2390"]
[EventDate "1980.02.10"]

1.d4 Nf6 2.Nf3 e6 3.c4 c5 4.e3 cxd4 5.exd4 d5 6.Nc3 Nc6 7.a3 Be7 8.b4 Ne4 
9.Bb2 f5 10.Rc1 Bf6 11.cxd5 exd5 12.Bb5 Be6 13.Ne5 O-O 14.Nxc6 bxc6 15.
Bxc6 Rc8 16.b5 Bg5 17.Rc2 Qd6 18.Bc1 Bd8 19.O-O Ba5 20.Ne2 Bf7 21.f3 Nf6 
22.Qd3 Kh8 23.Bf4 Qe7 24.Ng3 g6 25.Re2 Qd8 26.Qe3 Be8 27.Bxe8 Qxe8 28.Qxe8
Rfxe8 29.Rc1 Rxc1+ 30.Bxc1 Bb6 31.Rxe8+ Nxe8 32.Ne2 Nd6 33.a4 Nc4 34.Kf1 
Kg8 35.Nf4 Bxd4 36.Nxd5 Kf7 37.Ke2 Bg1 38.Kd3 Ne5+ 39.Kc3 Ke6 40.Be3 Bxh2 
41.Nb4 h5 42.Bxa7 h4 43.a5 g5 44.a6 1-0

[Event "37th POL-ch"]
[Site "Lodz POL"]
[Date "1980.??.??"]
[Round "7"]
[White "Schmidt, Wlodzimierz"]
[Black "Sznapik, Aleksander"]
[Result "1/2-1/2"]
[WhiteElo "2430"]
[BlackElo "2460"]
[EventDate "1980.02.10"]

1.d4 Nf6 2.c4 c5 3.d5 e6 4.Nc3 exd5 5.cxd5 d6 6.e4 g6 7.Nf3 a6 8.Be2 Bg7 
9.O-O O-O 10.a4 Bg4 11.Nd2 Bxe2 12.Qxe2 Nbd7 13.Nc4 Nb6 14.Ne3 Re8 15.f3 
Nfd7 16.Kh1 Rb8 17.Bd2 1/2-1/2

[Event "37th POL-ch"]
[Site "Lodz POL"]
[Date "1980.??.??"]
[Round "7"]
[White "Pytel, Krzysztof"]
[Black "Ksieski, Zbigniew"]
[Result "1/2-1/2"]
[WhiteElo "2450"]
[BlackElo "2345"]
[EventDate "1980.02.10"]

1.d4 Nf6 2.c4 e6 3.Nc3 Bb4 4.e3 O-O 5.Bd3 d5 6.Ne2 dxc4 7.Bxc4 e5 8.O-O 
Nc6 9.d5 Ne7 10.e4 c6 11.dxc6 Nxc6 12.Bg5 Qxd1 13.Rfxd1 Bxc3 14.Nxc3 Be6 
15.Bf1 Rfd8 16.f3 a6 17.Kf2 Kf8 18.Be3 Ke8 19.Bb6 Rxd1 20.Rxd1 Rc8 21.Be2 
Nd7 22.Be3 Nb4 23.a3 Nc2 24.Bd2 Nd4 25.Be3 Nc2 26.Rc1 Nxe3 27.Kxe3 Nb6 28.
Bd3 Na4 1/2-1/2

[Event "37th POL-ch"]
[Site "Lodz POL"]
[Date "1980.??.??"]
[Round "7"]
[White "Kuligowski, Adam"]
[Black "Pokojowczyk, Jerzy"]
[Result "1-0"]
[WhiteElo "2405"]
[BlackElo "2380"]
[EventDate "1980.02.10"]

1.d4 Nf6 2.c4 e6 3.Nf3 b6 4.e3 c5 5.d5 exd5 6.cxd5 g6 7.Nc3 Bg7 8.e4 O-O 
9.Bd3 d6 10.h3 a6 11.a4 Nbd7 12.O-O Qe7 13.Re1 Re8 14.Bf1 Ne5 15.Nh2 Ned7 
16.Bd2 h6 17.f4 Rb8 18.Nf3 Nh7 19.Qc1 Qf8 20.Bd3 Bb7 21.Qc2 Rbc8 22.b3 Kh8
23.Kh1 Bd4 24.Rad1 Qg7 25.Ne2 Bf6 26.Ng3 c4 27.bxc4 b5 28.a5 Nc5 29.Bf1 
bxc4 30.e5 Be7 31.Bc3 f5 32.Bxc4 Ne4 33.Nxe4 Rxc4 34.exd6 Bf6 35.Nxf6 Rec8
36.d7 Rxc3 1-0

[Event "37th POL-ch"]
[Site "Lodz POL"]
[Date "1980.??.??"]
[Round "7"]
[White "Kruszynski, Wlodzimierz"]
[Black "Skrobek, Ryszard"]
[Result "1-0"]
[WhiteElo "2350"]
[BlackElo "2350"]
[EventDate "1980.02.10"]

1.e4 c5 2.Nf3 Nc6 3.d4 cxd4 4.Nxd4 Nf6 5.Nc3 e6 6.Ndb5 d6 7.Bf4 e5 8.Bg5 
a6 9.Bxf6 gxf6 10.Na3 b5 11.Nd5 f5 12.Bd3 Be6 13.Qh5 Bg7 14.O-O f4 15.Kh1 
O-O 16.g4 Ne7 17.Nb1 Nxd5 18.exd5 Bxd5+ 19.f3 h6 20.Nc3 Bc6 21.Qf5 Re8 22.
Rad1 Rc8 23.Qh7+ Kf8 24.Bf5 Rc7 25.Nd5 Bxd5 26.Rxd5 Rc5 27.Be4 Qf6 28.Rfd1
Rxd5 29.Rxd5 Ke7 30.Bd3 Rh8 31.Qe4 h5 32.gxh5 Rxh5 33.Bf1 Qe6 34.Rd2 Qc8 
35.a4 Qb8 36.axb5 axb5 37.Qc6 b4 38.Bc4 Rh6 39.Qd5 Re6 40.Rd1 Bh6 41.Qc6 
d5 42.Qxd5 Qc7 43.Qe4 Rg6 44.Rd5 Bg7 45.Rb5 Rb6 46.Qd5 Rxb5 47.Qxf7+ Kd6 
48.Qe6+ Kc5 49.Qd5+ Kb6 50.Qxb5+ Ka7 51.Qa6+ Kb8 52.Bd5 Qa7 53.Qd6+ Kc8 
54.Be6+ Kb7 55.Qxb4+ Kc6 56.Kg2 Bf6 57.Qc4+ Kb6 58.Bd5 Qg7+ 59.Kh1 e4 60.
Qb4+ Kc7 61.Qb7+ Kd8 62.Qxg7 Bxg7 63.Bxe4 Bxb2 64.Kg2 Ke7 65.Kh3 Kf6 66.
Kg4 Ba3 67.h4 Bd6 68.h5 Bf8 69.Kxf4 Bh6+ 70.Kg4 Ke5 71.c4 Be3 72.Bb7 Kf6 
73.f4 Bc5 74.Kf3 Bf8 75.Ke4 Ke6 76.Bc8+ Kf6 77.Kd5 Bh6 78.f5 Ke7 79.c5 Bf4
80.Be6 Be3 81.Kc6 Kf6 82.Kd6 1-0

[Event "37th POL-ch"]
[Site "Lodz POL"]
[Date "1980.??.??"]
[Round "7"]
[White "Bielczyk, Jacek"]
[Black "Maciejewski, Andrzej"]
[Result "1/2-1/2"]
[WhiteElo "2380"]
[BlackElo "2370"]
[EventDate "1980.02.10"]

1.e4 d6 2.d4 Nf6 3.Nc3 g6 4.Nf3 Bg7 5.Be2 O-O 6.O-O c6 7.h3 a5 8.e5 Nd5 9.
exd6 Qxd6 10.Ne4 Qc7 11.Qd2 Nd7 12.c4 N5f6 13.Nxf6+ Nxf6 1/2-1/2

[Event "37th POL-ch"]
[Site "Lodz POL"]
[Date "1980.??.??"]
[Round "7"]
[White "Adamski, Andrzej"]
[Black "Adamski, Jan"]
[Result "1/2-1/2"]
[WhiteElo "2350"]
[BlackElo "2410"]
[EventDate "1980.02.10"]

1.e4 c5 2.c3 d5 3.exd5 Qxd5 4.d4 Nf6 5.Nf3 e6 6.Be2 Nc6 7.Na3 Qd8 8.O-O 
cxd4 9.cxd4 Be7 10.Nc4 O-O 11.Nce5 Qb6 12.Qa4 Rd8 13.Nxc6 bxc6 14.Bd2 a5 
15.Qb3 Qa7 16.Ne5 Bd7 17.Nxd7 Rxd7 18.Bf3 Rb8 19.Qc2 Nd5 20.Rac1 Nb4 21.
Bxb4 axb4 22.Qxc6 Rxd4 23.Rfd1 g6 24.Qc7 Qxc7 25.Rxc7 Rxd1+ 26.Bxd1 Bf6 
27.Rc2 Ra8 28.b3 h5 29.f4 Rd8 30.Be2 Rd4 31.g3 Re4 32.Kf1 1/2-1/2

[Event "37th POL-ch"]
[Site "Lodz POL"]
[Date "1980.??.??"]
[Round "8"]
[White "Adamski, Jan"]
[Black "Pytel, Krzysztof"]
[Result "1/2-1/2"]
[WhiteElo "2410"]
[BlackElo "2450"]
[EventDate "1980.02.10"]

1.Nf3 e6 2.c4 f5 3.g3 Nf6 4.Bg2 Be7 5.Nc3 O-O 6.Qc2 d5 7.d4 c6 8.b3 Ne4 9.
Bb2 Bd7 10.O-O Be8 11.Ne5 1/2-1/2

[Event "37th POL-ch"]
[Site "Lodz POL"]
[Date "1980.??.??"]
[Round "8"]
[White "Tomaszewski, Roman"]
[Black "Schinzel, Wladyslaw"]
[Result "1/2-1/2"]
[WhiteElo "2365"]
[BlackElo "2385"]
[EventDate "1980.02.10"]

1.c4 Nf6 2.Nc3 c5 3.g3 e6 4.Nf3 b6 5.Bg2 Bb7 6.O-O Be7 7.d4 cxd4 8.Qxd4 d6
9.b3 O-O 10.Bb2 a6 11.Rfd1 Nbd7 12.Rac1 Qb8 13.Qe3 Re8 14.Nd4 Bf8 15.Rc2 
Ne5 16.Nf3 Nxf3+ 17.exf3 b5 18.Ne4 Nxe4 19.fxe4 bxc4 20.Rxc4 d5 21.Rc2 
dxe4 22.Bxe4 Bxe4 23.Qxe4 Qb5 24.Rc7 Rad8 25.Rxd8 Rxd8 26.Qf3 f6 27.a4 Qd3
28.Qxd3 Rxd3 29.Bc3 Rd1+ 30.Kg2 Rc1 31.Ba5 Rxc7 32.Bxc7 Kf7 33.Bb6 Ke8 34.
Kf3 Kd7 35.Ke4 g6 36.Kd4 Kc6 37.Ba7 e5+ 38.Kc4 a5 39.g4 Bb4 40.Bb8 e4 41.
Kd4 Bc5+ 1/2-1/2

[Event "37th POL-ch"]
[Site "Lodz POL"]
[Date "1980.??.??"]
[Round "8"]
[White "Sznapik, Aleksander"]
[Black "Kuligowski, Adam"]
[Result "1/2-1/2"]
[WhiteElo "2460"]
[BlackElo "2405"]
[EventDate "1980.02.10"]

1.e4 c5 2.Nf3 d6 3.d4 cxd4 4.Nxd4 Nf6 5.Nc3 a6 6.Be2 e5 7.Nb3 Be7 8.O-O 
O-O 9.Bg5 Nbd7 10.a4 h6 11.Bh4 b6 12.Bc4 Bb7 13.Qe2 Qc7 14.Rfd1 Rfc8 15.
Nd2 g5 16.Bg3 Nf8 17.Bb3 Ne6 18.Nf3 Qc5 19.Nd5 Nxd5 20.exd5 Ng7 21.Nd4 
exd4 22.Qxe7 Bxd5 23.Bxd6 Qc6 24.Be5 Bxb3 25.cxb3 Nf5 26.Qf6 Qxf6 27.Bxf6 
Rc2 28.g4 Nh4 29.Bxd4 Re8 30.Bxb6 Re4 31.h3 Rb4 32.Be3 Rxb3 33.Rd6 f5 34.
gxf5 Nxf5 35.Rd8+ Kf7 36.Ba7 Rb7 37.Ra8 a5 38.Bb8 Nh4 39.Bg3 Nf5 40.Be5 
Rc5 41.Bc3 Rd5 42.Rxa5 Rxa5 43.Bxa5 Rxb2 44.Bc7 Rb7 45.Bg3 Nd4 46.a5 Nb3 
47.Ra3 Nc5 48.Bd6 Na6 49.Kg2 Rb5 50.Bg3 Ke6 51.f3 Rb2+ 52.Bf2 Kf5 53.Rd3 
Ra2 54.Rd5+ Ke6 55.Rb5 Nc7 56.Rb6+ Kf5 57.Rxh6 Ne6 58.Kg3 Nf4 59.Rd6 Rxa5 
1/2-1/2

[Event "37th POL-ch"]
[Site "Lodz POL"]
[Date "1980.??.??"]
[Round "8"]
[White "Skrobek, Ryszard"]
[Black "Schmidt, Wlodzimierz"]
[Result "0-1"]
[WhiteElo "2350"]
[BlackElo "2430"]
[EventDate "1980.02.10"]

1.e4 c5 2.Nf3 e6 3.d4 cxd4 4.Nxd4 Nc6 5.Nb5 d6 6.c4 Nf6 7.N1c3 a6 8.Na3 
Be7 9.Be2 O-O 10.O-O Bd7 11.Be3 b6 12.f4 Qb8 13.g4 Rc8 14.g5 Ne8 15.Qe1 
Ra7 16.Qf2 Rb7 17.f5 Ne5 18.fxe6 Bxe6 19.Nd5 Bd8 20.h4 b5 21.b3 Bg4 22.
Bxg4 Nxg4 23.Qg3 Nxe3 24.Qxe3 Nc7 25.Kh1 Nxd5 26.exd5 Bb6 27.Qf4 Bc5 28.
Nc2 bxc4 29.b4 Bb6 30.Rae1 Re8 31.Qxc4 Rc7 32.Qxa6 Rxc2 33.Qxb6 Qc8 34.Re3
Re4 35.Rg3 Rxh4+ 36.Kg1 Rch2 0-1

[Event "37th POL-ch"]
[Site "Lodz POL"]
[Date "1980.??.??"]
[Round "8"]
[White "Przewoznik, Jan"]
[Black "Bielczyk, Jacek"]
[Result "1/2-1/2"]
[WhiteElo "2340"]
[BlackElo "2380"]
[EventDate "1980.02.10"]

1.e4 c5 2.Nf3 Nf6 3.e5 Nd5 4.Nc3 e6 5.Nxd5 exd5 6.d4 Nc6 7.dxc5 Bxc5 8.Be2
d4 9.O-O O-O 10.Bd3 d6 11.Bg5 Qc7 12.Bf6 gxf6 13.Qd2 Nxe5 14.Nxe5 dxe5 15.
Qh6 f5 16.Qg5+ 1/2-1/2

[Event "37th POL-ch"]
[Site "Lodz POL"]
[Date "1980.??.??"]
[Round "8"]
[White "Pokojowczyk, Jerzy"]
[Black "Sydor, Andrzej"]
[Result "1-0"]
[WhiteElo "2380"]
[BlackElo "2405"]
[EventDate "1980.02.10"]

1.e4 e5 2.Nf3 Nc6 3.Bb5 Nge7 4.O-O g6 5.c3 d6 6.d4 Bd7 7.dxe5 Nxe5 8.Nxe5 
dxe5 9.Qb3 Bg7 10.Bxd7+ Qxd7 11.Qxb7 O-O 12.Na3 Rab8 13.Qxa7 f5 14.Qe3 f4 
15.Qe2 f3 16.gxf3 Qh3 17.Kh1 Rxf3 18.Rg1 Rbf8 19.Be3 Bh6 20.Bc5 Bf4 21.Rg2
Rf7 22.Nc2 Rd3 23.Ne3 Rd8 24.Rd1 Rb8 25.Bxe7 Rxe7 26.Nf5 Ree8 27.Qc4+ Kh8 
28.Qf7 Qxg2+ 29.Kxg2 gxf5 30.Rd7 1-0

[Event "37th POL-ch"]
[Site "Lodz POL"]
[Date "1980.??.??"]
[Round "8"]
[White "Maciejewski, Andrzej"]
[Black "Kruszynski, Wlodzimierz"]
[Result "1-0"]
[WhiteElo "2370"]
[BlackElo "2350"]
[EventDate "1980.02.10"]

1.e4 b6 2.d4 Bb7 3.f3 e6 4.Nh3 Nf6 5.Be3 c5 6.c3 Be7 7.Bd3 d5 8.e5 Nfd7 9.
O-O cxd4 10.cxd4 Ba6 11.Bxa6 Nxa6 12.f4 g6 13.Nc3 Nab8 14.Rc1 a6 15.f5 
gxf5 16.Nxd5 exd5 17.Qh5 O-O 18.Rxf5 Qe8 19.Bh6 f6 20.Qf3 Qf7 21.Bxf8 Nxf8
22.Ng5 Qg6 23.exf6 1-0

[Event "37th POL-ch"]
[Site "Lodz POL"]
[Date "1980.??.??"]
[Round "8"]
[White "Jasnikowski, Zbigniew"]
[Black "Ksieski, Zbigniew"]
[Result "1-0"]
[WhiteElo "2325"]
[BlackElo "2345"]
[EventDate "1980.02.10"]

1.e4 c5 2.d4 cxd4 3.c3 Nf6 4.e5 Nd5 5.cxd4 e6 6.Nf3 b6 7.Nc3 Bb4 8.Bd2 
Nxc3 9.bxc3 Be7 10.h4 Ba6 11.Bxa6 Nxa6 12.Rh3 O-O 13.Ng5 h6 14.Qc2 hxg5 
15.hxg5 g6 16.Ke2 Kg7 17.Rah1 Rg8 18.Qd3 d5 19.exd6 Bxd6 20.Qxa6 Qc8 21.
Rh7+ Kf8 22.Qxc8+ Rxc8 23.Kd3 Ke7 24.f4 Rc6 25.g4 Bc7 26.R1h6 b5 27.f5 e5 
28.Rh8 Rxh8 29.Rxh8 exd4 30.f6+ Kd7 31.Rf8 Ke6 32.Re8+ Kd5 33.Re7 dxc3 34.
Bxc3 Bf4 35.Rxf7 Bxg5 36.Rd7+ Ke6 37.Re7+ Kd6 38.Rxa7 Rc4 39.f7 Bh6 40.
Ra6+ Ke7 41.Rxg6 Bf8 42.g5 Rg4 43.Rb6 Kxf7 44.Rxb5 Be7 45.Bd2 Ra4 46.Rb2 
Rg4 47.Rb7 Ke6 48.Rb6+ Kf7 49.Rb7 Ke6 50.Rb5 Ra4 51.Rb6+ Kf5 52.Rb2 Bxg5 
53.Rb5+ Ke6 54.Bxg5 Rxa2 55.Be3 Kd6 56.Ke4 Re2 57.Rb6+ Kc7 58.Re6 Re1 59.
Kd5 Rd1+ 60.Bd4 Kd7 61.Rh6 Re1 62.Rh2 Ke8 63.Be5 Kf7 64.Rf2+ Ke7 65.Bd6+ 
Kd7 66.Rf7+ Kd8 67.Be5 Ke8 68.Rh7 Kd8 69.Ke6 Kc8 70.Rc7+ Kd8 71.Rc2 Re3 
72.Rb2 1-0

[Event "37th POL-ch"]
[Site "Lodz POL"]
[Date "1980.??.??"]
[Round "8"]
[White "Filipowicz, Andrzej"]
[Black "Adamski, Andrzej"]
[Result "0-1"]
[WhiteElo "2390"]
[BlackElo "2350"]
[EventDate "1980.02.10"]

1.Nf3 g6 2.g3 Bg7 3.Bg2 d6 4.c4 e5 5.Nc3 Ne7 6.O-O O-O 7.d4 Nd7 8.e3 h6 9.
Rb1 a5 10.a3 Nf5 11.d5 Nb6 12.Nd2 a4 13.Qc2 h5 14.Nce4 h4 15.b4 axb3 16.
Nxb3 Nh6 17.c5 Na4 18.cxd6 cxd6 19.Bd2 f5 20.Nc3 Nxc3 21.Qxc3 hxg3 22.hxg3
Qg5 23.Qb4 e4 24.Qxd6 Ng4 25.Bb4 Qh5 26.Rfc1 b6 27.Rxc8 Raxc8 28.Rc1 Rxc1+
29.Nxc1 Ne5 30.Qc7 Qd1+ 31.Bf1 Rf7 32.Qd8+ Kh7 33.Ne2 Rd7 34.Qxb6 Rxd5 35.
Nf4 Rd7 36.Bc3 Rd6 37.Qb2 Rd2 38.Qb7 Rd7 39.Qb6 Rd6 40.Qb2 Nf3+ 41.Kg2 
Bxc3 42.Qxc3 Ne1+ 43.Kg1 g5 44.Ne2 Nf3+ 45.Kg2 Qa4 46.Qc7+ Qd7 47.Qxd7+ 
Rxd7 48.g4 Ne1+ 49.Kg3 f4+ 50.exf4 Rd3+ 51.Kh2 Rf3 52.Kg1 gxf4 53.a4 Kg6 
54.Nd4 Ra3 55.Ne6 Nd3 56.f3 Kf6 57.Nc7 0-1

[Event "37th POL-ch"]
[Site "Lodz POL"]
[Date "1980.??.??"]
[Round "9"]
[White "Sydor, Andrzej"]
[Black "Sznapik, Aleksander"]
[Result "0-1"]
[WhiteElo "2405"]
[BlackElo "2460"]
[EventDate "1980.02.10"]

1.d4 Nf6 2.Nf3 g6 3.Bf4 Bg7 4.e3 d6 5.h3 O-O 6.Be2 Nbd7 7.c4 b6 8.O-O Bb7 
9.Nc3 e6 10.Qc2 Qe7 11.b4 c5 12.bxc5 dxc5 13.Rfd1 cxd4 14.exd4 Rfc8 15.a4 
Ne8 16.a5 e5 17.Bg5 f6 18.Be3 exd4 19.Nxd4 f5 20.axb6 axb6 21.Rxa8 Bxa8 
22.Qb3 Qf7 23.Nf3 h6 24.Nd5 Bxd5 25.Rxd5 Nef6 26.Rb5 Ne4 27.Bd4 Bxd4 28.
Nxd4 Ndc5 29.Qe3 f4 30.Qc1 Qf6 31.Nb3 Nc3 32.Bg4 Nxb5 33.Bxc8 Nxb3 34.Qe1 
Nd6 35.Be6+ Kg7 36.Kh2 Nc5 37.Bd5 h5 38.Qb1 Nf5 39.Qa2 Kh6 40.Qa7 Qd6 41.
Qa8 0-1

[Event "37th POL-ch"]
[Site "Lodz POL"]
[Date "1980.??.??"]
[Round "9"]
[White "Schmidt, Wlodzimierz"]
[Black "Maciejewski, Andrzej"]
[Result "1/2-1/2"]
[WhiteElo "2430"]
[BlackElo "2370"]
[EventDate "1980.02.10"]

1.d4 Nf6 2.c4 g6 3.Nc3 Bg7 4.e4 d6 5.Nf3 O-O 6.Be2 e5 7.O-O Nbd7 8.Re1 c6 
9.Bf1 a5 10.Rb1 Re8 11.d5 Nc5 12.b3 Bd7 13.dxc6 Bxc6 14.Qc2 Rc8 15.Ba3 Qb6
16.Rbd1 Bf8 17.Qb1 h6 18.Bc1 Kh7 19.h3 Be7 20.Bd3 Nxd3 21.Qxd3 a4 22.Be3 
Qb4 23.Bd2 axb3 24.Nd5 Qa3 25.Nxf6+ Bxf6 26.axb3 Ra8 27.Bc1 Qb4 28.Bd2 
1/2-1/2